Word Ladder: NBA Champs Quiz Stats

 Plays Quiz Updated Jun 27, 2015

Challenge
Share
Tweet
Embed
Score 0/27 Timer 04:00
1 Play Today
Hint 4-Letter Word % Correct
Larry, the Celtic• BIRD •
95.6%
Jordan won six rings as one• BULL •
86.9%
Bryant, the Laker• KOBE •
84.9%
Lebron dribbles oneBALL
84.5%
2015 NBA Runners-up, for short• CAVS •
82.3%
Kareem won his first ring as one• BUCK •
81.6%
HairlessBALD
81%
2011 NBA Champs, for short• MAVS •
80.2%
Jerry, the Laker• WEST •
79.8%
What squirrels eatNUTS
78.6%
Where a bear livesCAVE
75.6%
A bird's houseNEST
71.8%
Easy two pointsDUNK
70.8%
Courtney or KevinLOVE
70.2%
Hint 4-Letter Word % Correct
MallardDUCK
70%
Shakespeare was oneBARD
69.3%
Female members of religious ordersNUNS
69.2%
Two-time NBA runners-up• NETS •
69.2%
A Catholic serviceMASS
67.1%
Small, sheltered bayCOVE
66.3%
Two-time NBA runners-up• SUNS •
65.9%
A portion of the brainLOBE
65.2%
A pole rising from the deckMAST
62.3%
CapsizedSUNK
61.3%
The greater partBULK
61.1%
Eliot, the gangster stopperNESS
60.9%
Archaic past tense of 'be'WAST
52.6%

Today's Daily Dose

You're not logged in!

Compare scores with friends on all Sporcle quizzes.
Join for Free
OR
Log In

You Might Also Like...

Show Comments

Extras

Top Quizzes Today


Score Distribution

Your Account Isn't Verified!

In order to create a playlist on Sporcle, you need to verify the email address you used during registration. Go to your Sporcle Settings to finish the process.

Report this User

Report this user for behavior that violates our Community Guidelines.

Details: